| 000 | 01202cam a2200229 4500 | ||
|---|---|---|---|
| 001 | WB@3612-503 | ||
| 008 | 040823n2004 000 0 eng u | ||
| 035 | _a(Sirsi) u127129 | ||
| 245 | _aDemand for rented homes high | ||
| 260 | _c2004 | ||
| 490 |
_aRICS Press Release _v(pr080) 24 August 2004 (2) |
||
| 520 | _aThe latest "RICS residential lettings survey Great Britain" has been published. It shows that rents are rising at the strongest pace for three years, with overall demand for rented homes remaining firm. This is due to many would be first time buyers taking up rented accommodation while they see how the housing market progresses. In the three months to July 2004, 13% more surveyors reported a rise than a fall. The average monthly rent in Great Britain (including London) for three months to July 2004 was £727 with most tenants being young adults - almost two-thirds are aged less than 35. http://www.rics.org/ | ||
| 590 | _aWB | ||
| 590 | _aWB | ||
| 650 | _aRICS RESIDENTIAL LETTINGS SURVEY GREAT BRITAIN | ||
| 650 | _aLETTINGS MARKET SURVEY | ||
| 650 | _aBUY-TO-LET | ||
| 650 | _aRENTAL SECTOR | ||
| 650 | _aRENTAL PRICES | ||
| 690 | _aHOUSING-MARKET | ||
| 942 | _n0 | ||
| 999 |
_c117881 _d117881 |
||